Ulice - Mińsk Mazowiecki - Statystyki

Ogólne statystyki
  • Ten quiz został rozwiązany 87 razy
  • Średni wynik to 36 z 244
Statystyki odpowiedzi
Litera Odpowiedź - Ulica % Poprawnych
W Warszawska
80%
11 11 Listopada
64%
K Kościelna
58%
K Kolejowa
55%
B Budowlana
53%
1 1 Maja
52%
M Mickiewicza
48%
S Szpitalna
45%
S Siennicka
44%
D Dąbrówki
42%
P Piękna
41%
B Bagnista
39%
N Nowy Świat
39%
K Kazikowskiego
38%
K Kościuszki
38%
M Małopolska
38%
S Siedlecka
38%
K Klonowa
36%
B Bulwarna
34%
F Florencja
34%
S Sienkiewicza
34%
T Tartaczna
34%
T Topolowa
34%
W Wielkopolska
34%
B Boczna
33%
C Chrobrego
33%
C Cicha
33%
M Mała
33%
M Mazowiecka
33%
N Nadrzeczna
33%
Ś Świętokrzyska
33%
Ł Łupińskiego
31%
S Sobieskiego
31%
W Warszawskie Przedmieście
31%
L Leśna
30%
M Mrozowska
30%
T Traugutta
30%
J Jasna
28%
K Konstytucji 3 Maja
28%
S Sportowa
28%
T Tuwima
28%
W Wyszyńskiego
28%
K Kopernika
27%
O Ogrodowa
27%
O Okrzei
27%
P Prusa
27%
P Przemysłowa
27%
S Stanisławowska
27%
K Kwiatowa
25%
M I Mieszka I
25%
S Sosnowskiego
25%
Ż Żwirowa
25%
B Bankowa
23%
C Chopina
23%
K Krótka
23%
L Ludowa
23%
M Mireckiego
23%
O Orzeszkowej
23%
S Spółdzielcza
23%
W Wesoła
23%
Ż Żeromskiego
23%
1 1 PLM Warszawa
22%
K Kresowa
22%
K Królewiecka
22%
L Litewska
22%
P Parkowa
22%
30 30 Lipca
20%
A Akacjowa
20%
L Licealna
20%
Ś Śląska
20%
S Słowackiego
20%
T Targowa
20%
W Wiśniowa
20%
A Armii Krajowej
19%
D Daszyńskiego
19%
G Graniczna
19%
L Limanowskiego
19%
M Miodowa
19%
R Reymonta
19%
Ś Śniadeckich
19%
W Wolańskiego
19%
D Dźwigowa
17%
K Krasickiego
17%
S Słoneczna
17%
S Sosnowa
17%
S Stary Rynek
17%
Ż Żwirki
17%
Z Zygmuntowska
17%
A Asnyka
16%
B Batorego
16%
B Borelowskiego
16%
C Chełmońskiego
16%
G Grzybowa
16%
H Huberta
16%
K Kazimierza Wielkiego
16%
K Korczaka
16%
S Spacerowa
16%
S Szczecińska
16%
W Wigury
16%
Z Zgoda
16%
Ł Łąkowa
14%
P Plater
14%
W Wiejska
14%
W Wspólna
14%
Z Zielona
14%
A Arynowska
13%
D Dębowa
13%
G Górki
13%
J Jagiellońska
13%
L Lipowa
13%
N Narutowicza
13%
O Osiedlowa
13%
P Piłsudzkiego
13%
W Widok
13%
A Andersa
11%
B Błonie
11%
D Dmowskiego
11%
G Grobelnego
11%
J Jaśminowa
11%
K Kilińskiego
11%
K Klimaszewskiego
11%
K Kochanowskiego
11%
K Kołbielska
11%
K Kołowa
11%
M Majowa
11%
M Matejki
11%
O Okulickiego
11%
P Piasta
11%
S Szarych Szeregów
11%
T Toruńska
11%
W Wenecka
11%
Z Ziemowita
11%
K Konopnickiej
9%
M Malinowa
9%
O Olsztyńska
9%
Z Zachodnia
9%
A Armii Ludowej
8%
B Brzóski
8%
C Chochołowska
8%
D Gdańska
8%
G Grzeszaka
8%
K Kosmiczna
8%
L Langiewicza
8%
M Małaszczyckiej
8%
M Miła
8%
M Moniuszki
8%
P Pomorska
8%
S Sędomierska
8%
S Sudecka
8%
B Batalionów
6%
B Bema
6%
B Bratnia
6%
C Chłopickiego
6%
G Grabowa
6%
K Kolberga
6%
M Mirosza
6%
P Polowa
6%
P Pułku Ułanów Lubelskich
6%
R Reja
6%
R Rudzkiego
6%
S Sikorskiego
6%
S Stankowizna
6%
S Struga
6%
Z Zacisze
6%
A Androlliego
5%
C Chabrowa
5%
C Czarnieckiego
5%
G Grochowskiej
5%
H Heweliusza
5%
J Jadwigi
5%
Ł Łokietka
5%
Ł Łubieńskich
5%
M Mazurska
5%
M Mleczarska
5%
P Paderewskiego
5%
S Sażyńskich
5%
S Spokojna
5%
T Tatrzańska
5%
W Wierzbowa
5%
W Witosa
5%
W Wrzosowa
5%
W Wyspiańskiego
5%
B Benki
3%
B/U BerlingaUrocza
3%
B Bohaterów Monte Cassino
3%
B Broniewskiego
3%
D Dąbrowskiej
3%
D Długosza
3%
D Dolna
3%
H Himilsbacha
3%
K Karpacka
3%
K Kasztanowa
3%
K Konopki
3%
K Kusocińskiego
3%
M Maczka
3%
M Mińskiego
3%
N Nalazków
3%
P Piaskowa
3%
W Wieniawskiego
3%
B Bitwy Warszawskiej
2%
C Chrościelewskiego
2%
D Dziąga
2%
G Glogera
2%
H Hallera
2%
K Kalinowskiej
2%
K Karpatczyków
2%
Ł Ługowskiego
2%
M Maciejewskiego
2%
M Majątkowa
2%
M Modrzejewskiej
2%
O Obrońców Tobruku
2%
P Park Dernałowiczów
2%
P Popiełuszki
2%
P Popławskiego
2%
R Rapackiego
2%
R Redy
2%
R Rokickich
2%
S Skarżyńskiego
2%
S Staszica
2%
S Sybiraków
2%
S Sylwestrowicza
2%
S Szczepankowskiej
2%
W Wróblewskiego
2%
Z Zawiszy
2%
Z Zielna
2%
Ż Żołnierzy Wyklętych
2%
C Ceglińskiego
0%
C Chmieleńskiego
0%
C Chorobińskiej
0%
C Cienista
0%
G Gnieźnieńska
0%
G Gwardii Ludowej
0%
K Kaczorowskiego
0%
K Kaszubska
0%
L Laszczki
0%
L Letniskowa
0%
M Mizikowskiego
0%
N Nałkowskiej
0%
N NSZZ Solidarność
0%
P Piaseckiego
0%
P Plac Dworowy
0%
P Plac Lotników Polskich
0%
S Sławińskiego
0%
Smoleńskiego
0%
Nie znaleziono quizów pasujących do podanych kryteriów
Rozkład punktacji
Procent ludzi z każdym wynikiem
Percentyl według liczby udzielonych odpowiedzi
Twoja historia wyników
Nie rozwiązałeś tego quizu